Multiple Choice JetPunker Quiz - Nickelz - Statistics

General Stats
  • This quiz has been taken 9 times
  • The average score is 5 of 10
Answer Stats
Question Answer % Correct
Which country is he from? Armenia
71%
Which two languages (besides English) does he have points in? Spanish and French
71%
How much countries has he been to, according to his countries visited map? 22
57%
Which U.S. state is he currently living in? Tennessee
57%
Which one of these contests is hosted by him? The Mole
57%
How many featured quizzes does he have? Four
43%
What is his favorite food? Tiramisu
43%
How much badges does he have? 25
29%
What is his most taken quiz? Blue States - Sudden Death
14%
How much blog series does he own/contribute on? Six
14%
No matching quizzes found
Score Distribution
Percent of People with Each Score
Percentile by Number Answered
Your Score History
You have not taken this quiz